|
|
|
|
| LEADER |
00000nam0a2200000 4500 |
| 001 |
347765 |
| 005 |
20231102010032.0 |
| 010 |
|
|
|a 9785971073468
|
| 010 |
|
|
|a 978-5-9519-3173-3
|
| 035 |
|
|
|a (RuTPU)RU\TPU\book\379720
|
| 090 |
|
|
|a 347765
|
| 100 |
|
|
|a 20220622d2022 km y0rusy50 ca
|
| 101 |
0 |
|
|a rus
|
| 102 |
|
|
|a RU
|
| 105 |
|
|
|a a z 001zy
|
| 200 |
1 |
|
|a Россия: XXI век. Стратегия прорыва: Технологии. Образование. Наука
|f В. В. Иванов, Г. Г. Малинецкий
|
| 205 |
|
|
|a Изд. стер.
|
| 210 |
|
|
|a Москва
|c ЛЕНАНД
|d 2022
|
| 215 |
|
|
|a 300 с.
|c ил.
|
| 225 |
1 |
|
|a Будущая Россия
|v № 26
|
| 320 |
|
|
|a Библиогр.: с. 295-297
|
| 330 |
|
|
|a Представленная книга посвящена проблеме выбора стратегии развития России. Глобальные трансформации, каскад глобальных экономических, геополитических и военных кризисов поставили перед страной проблему выбора дальнейшей траектории развития. Существующая уже более двадцати лет парадигма развития страны уже исчерпала свои возможности и требует переосмысления. Исторический опыт наглядно показывает, что технологии, образование и наука, наряду с уникальными географическим положением и природными ресурсами, являются факторами, обеспечивающими полноправное присутствие России среди мировых лидеров. Несмотря на потери, которые понесла научно-технологическая и образовательная сфера в ходе реформ, в стране еще сохранилось инновационное ядро, способное обеспечить интенсивный технологический, а в перспективе и социально-экономический рост. Авторами предлагаются подходы к решению проблемы повышения национальной конкурентоспособности на основе коренной модернизации научно-технологического и образовательного комплекса России. Книга рассчитана на широкий круг читателей, студентов, преподавателей, научных работников, на руководителей различного уровня, в сферу интересов или должностных обязанностей которых входит разработка стратегии развития, и будет интересна и полезна всем, кого интересует будущее России.
|
| 606 |
1 |
|
|a Социальное прогнозирование
|2 stltpush
|3 (RuTPU)RU\TPU\subj\37879
|9 58650
|
| 610 |
1 |
|
|a Россия
|
| 610 |
1 |
|
|a 21 век
|
| 610 |
1 |
|
|a технологии
|
| 610 |
1 |
|
|a образование
|
| 610 |
1 |
|
|a наука
|
| 610 |
1 |
|
|a глобальные изменения
|
| 610 |
1 |
|
|a безопасность
|
| 610 |
1 |
|
|a экология
|
| 610 |
1 |
|
|a холодная война
|
| 610 |
1 |
|
|a военно-стратегический потенциал
|
| 610 |
1 |
|
|a искусственный интеллект
|
| 610 |
1 |
|
|a образовательные реформы
|
| 610 |
1 |
|
|a ЕГЭ
|
| 610 |
1 |
|
|a национальная безопасность
|
| 610 |
1 |
|
|a педагогические кадры
|
| 610 |
1 |
|
|a научные перспективы
|
| 610 |
1 |
|
|a технологические перспективы
|
| 610 |
1 |
|
|a реформы
|
| 610 |
1 |
|
|a законодательство
|
| 610 |
1 |
|
|a глобализация
|
| 610 |
1 |
|
|a инновационное развитие
|
| 610 |
1 |
|
|a модернизация
|
| 610 |
1 |
|
|a высшее образование
|
| 610 |
1 |
|
|a управление
|
| 610 |
1 |
|
|a стратегическое развитие
|
| 610 |
1 |
|
|a социально-экономический потенциал
|
| 610 |
1 |
|
|a национальная конкурентоспособность
|
| 686 |
|
|
|a С55.373.11
|v LBC/SL-A
|2 rubbk
|
| 700 |
|
1 |
|a Иванов
|b В. В.
|g Владимир Викторович
|
| 701 |
|
1 |
|a Малинецкий
|b Г. Г.
|g Георгий Геннадьевич
|
| 801 |
|
1 |
|a RU
|b 63413507
|c 20220622
|
| 801 |
|
2 |
|a RU
|b 63413507
|c 20220816
|g RCR
|
| 942 |
|
|
|c BK
|
| 959 |
|
|
|a 11/20220622
|d 1
|e 954,00
|f ЧЗТЛ:1
|